000 01154nam0a22002411i 4500
001 rc\3157258
005 20240902180135.0
021 _aRU
_b[76-7529а]
035 _a(NLR Aleph) 007300128
090 _a5701502
_c5701502
100 _a20120615d1976 |||y0rusy50 ca
101 0 _arus
102 _aRU
105 _ay d |||||
200 1 _aПроблемы экономической эффективности комплексной механизации и автоматизации производства
_e(На материалах машиностроения)
_eАвтореф. дис. на соиск. учен. степени канд. экон. наук
_e(08.00.05)
_fВысш. парт. школа при ЦК КПСС. Кафедра сов. экономики и основ науч. упр. нар. хоз-вом
210 _aМосква
_d1976
215 _a21 с.
700 1 _aСоболев
_bА. С.
_cканд. экон. наук, упр. нар. хоз-вом
_gАлександр Сергеевич
_8rus
_7ca
801 0 _aRU
_bNLR
_gpsbo
801 1 _aRU
_bELAR
_2rusmarc
852 _aNLR
_j76-4/22583
942 _cBOOK